Photo chronicle of first parliamentary elections 2008 / (Record no. 821)
[ view plain ]
| 000 -LEADER | |
|---|---|
| fixed length control field | 00523nam a2200169 4500 |
| 001 - CONTROL NUMBER | |
| control field | 1171 |
| 005 - DATE AND TIME OF LATEST TRANSACTION | |
| control field | 20181127162826.0 |
| 020 00 - INTERNATIONAL STANDARD BOOK NUMBER | |
| International Standard Book Number | |
| 090 00 - LOCALLY ASSIGNED LC-TYPE CALL NUMBER (OCLC); LOCAL CALL NUMBER (RLIN) | |
| Classification number (OCLC) (R) ; Classification number, CALL (RLIN) (NR) | 342.07 P9636k 2010 |
| 100 00 - MAIN ENTRY--PERSONAL NAME | |
| Personal name | Election Commission of Bhutan. |
| 245 00 - TITLE STATEMENT | |
| Title | Photo chronicle of first parliamentary elections 2008 / |
| Remainder of title | |
| Statement of responsibility, etc. | Election Commission of Bhutan. |
| Medium | |
| 260 00 - PUBLICATION, DISTRIBUTION, ETC. | |
| Place of publication, distribution, etc. | Thimphu : |
| Name of publisher, distributor, etc. | Election Commission of Bhutan. |
| Date of publication, distribution, etc. | |
| 300 00 - PHYSICAL DESCRIPTION | |
| Extent | 79 p. : col. ill. |
| 500 00 - GENERAL NOTE | |
| General note | In English. |
| 650 00 - SUBJECT ADDED ENTRY--TOPICAL TERM | |
| Topical term or geographic name entry element | Bhutan --Pictoral words |
| General subdivision | |
| Topical term or geographic name entry element | Bhutan. Parliament --Election, 2008. |
| General subdivision | |
| Withdrawn status | Lost status | Source of classification or shelving scheme | Damaged status | Not for loan | Collection code | Home library | Current library | Shelving location | Serial Enumeration / chronology | Inventory number | Total Checkouts | Full call number | Barcode | Date last seen | Copy number | Price effective from | Koha item type |
|---|---|---|---|---|---|---|---|---|---|---|---|---|---|---|---|---|---|
| Dewey Decimal Classification | Periodicals | RTC Library | RTC Library | Periodicals | 1668 | Periodicals Serials | 30005759 | 27/11/2018 | 3 | 27/11/2018 | Periodicals | ||||||
| Dewey Decimal Classification | Periodicals | RTC Library | RTC Library | Periodicals | 1678 | Periodicals Serials | 30003992 | 27/11/2018 | 1 | 27/11/2018 | Periodicals | ||||||
| Dewey Decimal Classification | Periodicals | RTC Library | RTC Library | Periodicals | 1684 | Periodical Serials | 30004011 | 27/11/2018 | 2 | 27/11/2018 | Periodicals |